[Event "Jastrzebia Gora"]
[Site "Jastrzebia Gora"]
[Date "2015.05.11"]
[Round "6.4"]
[White "Mackowiak, Marek"]
[Black "Suder, Ryszard"]
[Result "1-0"]
[WhiteElo "2131"]
[BlackElo "2100"]
[PlyCount "81"]
[EventDate "2015.??.??"]

1. d4 Nf6 2. g3 g6 3. Bg2 d5 4. Nf3 Bg7 5. O-O O-O 6. Re1 c6 7. c3 Bf5 8. Nh4
Be6 9. Nd2 Nbd7 10. Nhf3 h6 11. e4 dxe4 12. Nxe4 Bd5 13. Nxf6+ Nxf6 14. Qd3 b5
15. b3 Ne8 16. Bf4 Rc8 17. Rad1 Nd6 18. Bh3 f5 19. Nd2 Kh7 20. Be5 Bxe5 21.
Rxe5 Nf7 22. Re2 Ng5 23. Bf1 Qd7 24. h4 Ne4 25. c4 bxc4 26. bxc4 Nxd2 27. Rdxd2
Bf7 28. Re5 h5 29. Bg2 Rfe8 30. d5 cxd5 31. cxd5 Qd6 32. Qe3 Rcd8 33. Re2 Rd7
34. Qg5 e6 35. Qf6 Qe7 36. Qxe7 Rdxe7 37. d6 Rd7 38. Bc6 Rdd8 39. Bxe8 Rxe8 40.
d7 Rd8 41. Rd2 1-0

[Event "Jastrzebia Gora"]
[Site "Jastrzebia Gora"]
[Date "2015.05.11"]
[Round "6.5"]
[White "Dukaczewski, Piotr"]
[Black "Czajkowski, Adam"]
[Result "1-0"]
[WhiteElo "2297"]
[BlackElo "2077"]
[PlyCount "85"]
[EventDate "2015.??.??"]

1. c4 Nf6 2. Nc3 g6 3. g3 Bg7 4. Bg2 e5 5. d3 O-O 6. Nf3 Re8 7. O-O c6 8. Qb3
d6 9. h3 h6 10. Ne1 Qc7 11. e4 Be6 12. f4 exf4 13. gxf4 Nh5 14. Ne2 Nd7 15. Qc2
f5 16. Rb1 a5 17. b3 Re7 18. Be3 Rf8 19. Nf3 Nc5 20. Nd2 Bc8 21. a3 Ne6 22. Rf3
Ref7 23. Rbf1 g5 24. fxg5 Nxg5 25. Bxg5 hxg5 26. d4 f4 27. c5 g4 28. hxg4 Bxg4
29. cxd6 Qxd6 30. e5 Qh6 31. Nc4 Bxf3 32. Rxf3 Ng3 33. Nd6 Nxe2+ 34. Qxe2 Rd7
35. Qc4+ Rff7 36. Nf5 Qg6 37. Nh4 Qg4 38. e6 Qxh4 39. exd7 Qe7 40. Bh3 Kf8 41.
Qc5 Bxd4+ 42. Qxd4 Qe1+ 43. Kh2 1-0

[Event "Jastrzebia Gora"]
[Site "Jastrzebia Gora"]
[Date "2015.05.11"]
[Round "6.6"]
[White "Kulpinski, Piotr"]
[Black "Ruszczycki, Jacek"]
[Result "1-0"]
[WhiteElo "1917"]
[BlackElo "1917"]
[PlyCount "111"]
[EventDate "2015.??.??"]

1. d4 d5 2. c4 e6 3. Nf3 Nd7 4. Nc3 c6 5. cxd5 exd5 6. Bg5 Be7 7. Bxe7 Qxe7 8.
e3 f5 9. Bd3 g6 10. O-O Ngf6 11. Rb1 Ne4 12. Qc2 O-O 13. b4 a6 14. a4 b5 15.
Rfc1 Rf6 16. Qa2 Nxc3 17. Rxc3 Bb7 18. a5 Re8 19. Bf1 Qg7 20. Ne1 g5 21. f3 Kh8
22. Qf2 Rh6 23. f4 Nf6 24. fxg5 Qxg5 25. Qf4 Qxf4 26. exf4 Re4 27. Nf3 Rxf4 28.
Bd3 Ne4 29. Rc2 Rg4 30. Rbc1 Nd6 31. Re1 Ne4 32. Rec1 Ng5 33. Nxg5 Rxg5 34. Re1
Rf6 35. Re7 Rg7 36. Rce2 Rgf7 37. R2e6 Kg7 38. Rxf6 Rxe7 39. Rxf5 Bc8 40. Rg5+
Kf6 41. Rg8 Bb7 42. Rh8 Re3 43. Rf8+ Kg7 44. Rf3 Re1+ 45. Rf1 Re3 46. Rf3 Re1+
47. Kf2 Ra1 48. Rg3+ Kf6 49. Rf3+ Kg7 50. Rg3+ Kf6 51. Rg8 Ra2+ 52. Ke3 Rb2 53.
Rb8 Rxb4 54. Rxb7 Ra4 55. Rb6 Rxa5 56. Rxc6+ 1-0

[Event "Jastrzebia Gora"]
[Site "Jastrzebia Gora"]
[Date "2015.05.12"]
[Round "7.1"]
[White "Ruszczycki, Jacek"]
[Black "Wojcieszyn, Zdzislaw"]
[Result "1/2-1/2"]
[WhiteElo "1917"]
[BlackElo "1979"]
[PlyCount "96"]
[EventDate "2015.??.??"]

1. d4 d5 2. e3 Nf6 3. Nd2 Bf5 4. f4 c5 5. c3 e6 6. Ngf3 c4 7. Ne5 Nfd7 8. Ndf3
f6 9. Nxd7 Nxd7 10. Be2 Be4 11. O-O Bd6 12. Qe1 O-O 13. g4 g5 14. Nd2 f5 15.
Qg3 Kh8 16. b3 cxb3 17. axb3 Qc7 18. c4 gxf4 19. exf4 Rg8 20. Nxe4 fxe4 21. c5
Be7 22. f5 Qxg3+ 23. hxg3 Bf6 24. Be3 e5 25. Rfd1 Rgd8 26. b4 a6 27. Kg2 exd4
28. Bxd4 h6 29. Rac1 Bxd4 30. Rxd4 Ne5 31. Rcd1 Nc6 32. Rxd5 Rxd5 33. Rxd5 Nxb4
34. Rd4 Nd3 35. Bxd3 exd3 36. Rxd3 a5 37. Rd6 Kg7 38. Rd7+ Kf6 39. Rxb7 a4 40.
Rb6+ Kg7 41. Rb2 a3 42. Ra2 Kf6 43. Kf3 Ke5 44. c6 Kd6 45. f6 Ke6 46. c7 Kxf6
47. Ke4 Rc8 48. Rxa3 Rxc7 1/2-1/2

[Event "Jastrzebia Gora"]
[Site "Jastrzebia Gora"]
[Date "2015.05.12"]
[Round "7.2"]
[White "Czajkowski, Adam"]
[Black "Kulpinski, Piotr"]
[Result "1-0"]
[WhiteElo "2077"]
[BlackElo "1917"]
[PlyCount "43"]
[EventDate "2015.??.??"]

1. e4 c6 2. Nc3 d5 3. d4 dxe4 4. Nxe4 Bf5 5. Ng3 Bg6 6. N1e2 Nf6 7. Nf4 e6 8.
Bc4 Nd5 9. Nxg6 hxg6 10. Be3 Nxe3 11. fxe3 Bd6 12. Qf3 Nd7 13. O-O-O Nf6 14. e4
Nh5 15. Ne2 Qg5+ 16. Kb1 Qf6 17. Qb3 b5 18. Bxb5 O-O 19. e5 Bxe5 20. dxe5 Qxe5
21. Bc4 Rab8 22. Qc3 1-0

[Event "Jastrzebia Gora"]
[Site "Jastrzebia Gora"]
[Date "2015.05.12"]
[Round "7.3"]
[White "Suder, Ryszard"]
[Black "Dukaczewski, Piotr"]
[Result "1-0"]
[WhiteElo "2100"]
[BlackElo "2297"]
[PlyCount "125"]
[EventDate "2015.??.??"]

1. Nf3 f5 2. d4 Nf6 3. g3 g6 4. Bg2 Bg7 5. O-O O-O 6. c4 d6 7. Nc3 e6 8. Qc2
Nc6 9. e4 fxe4 10. Nxe4 Nxe4 11. Qxe4 Qe7 12. Bg5 Qf7 13. Qh4 Bd7 14. Rad1 Rae8
15. Bh6 Re7 16. b3 Kh8 17. Rd2 e5 18. dxe5 dxe5 19. Re1 Bf5 20. Ng5 Qf6 21.
Bxg7+ Rxg7 22. Bxc6 bxc6 23. Rde2 Bd3 24. Rd2 Rd8 25. Rxe5 Re7 26. Qf4 Qxf4 27.
gxf4 Red7 28. Rxd3 Rxd3 29. Nf7+ Kg8 30. Nxd8 Rxd8 31. Re7 Rd2 32. a4 Rb2 33.
Rxc7 Rxb3 34. a5 a6 35. Rxc6 Rb4 36. Kg2 Ra4 37. Rxa6 Rxc4 38. Kg3 Kg7 39. Rb6
h6 40. a6 Ra4 41. Kf3 Ra3+ 42. Ke4 Ra2 43. Rb7+ Kf6 44. a7 Ke6 45. Kd4 Kf5 46.
Rf7+ Kg4 47. Kc5 Kh3 48. Kb6 Kxh2 49. Rh7 Rb2+ 50. Kc7 Rc2+ 51. Kb8 Rb2+ 52.
Ka8 h5 53. f5 Rxf2 54. fxg6 Rg2 55. Rxh5+ Kg1 56. Rb5 Rxg6 57. Kb7 Rg7+ 58. Ka6
Rg6+ 59. Rb6 Rg8 60. Rb8 Rg6+ 61. Kb5 Rg5+ 62. Kc6 Rg6+ 63. Kd5 1-0

[Event "Jastrzebia Gora"]
[Site "Jastrzebia Gora"]
[Date "2015.05.12"]
[Round "7.4"]
[White "Falkowski, Dawid"]
[Black "Mackowiak, Marek"]
[Result "0-1"]
[WhiteElo "2073"]
[BlackElo "2131"]
[PlyCount "52"]
[EventDate "2015.??.??"]

1. e4 c6 2. d4 d5 3. Nc3 dxe4 4. Nxe4 Nf6 5. Nxf6+ gxf6 6. Nf3 Bf5 7. Bc4 e6 8.
O-O Nd7 9. Nh4 Bg6 10. c3 Be7 11. g3 Nb6 12. Be2 Qd7 13. a4 O-O-O 14. a5 Nd5
15. f4 Be4 16. Qe1 f5 17. Nf3 Bxf3 18. Bxf3 h5 19. b4 h4 20. Rb1 hxg3 21. hxg3
Rdg8 22. Kg2 Bh4 23. Rh1 Qd8 24. Rh3 Rg6 25. Bxd5 Qxd5+ 26. Kh2 Qf3 0-1

[Event "Jastrzebia Gora"]
[Site "Jastrzebia Gora"]
[Date "2015.05.12"]
[Round "7.5"]
[White "Migala, Andrzej"]
[Black "Pawelec, Bartosz"]
[Result "1/2-1/2"]
[WhiteElo "2055"]
[BlackElo "2097"]
[PlyCount "61"]
[EventDate "2015.??.??"]

1. e4 c6 2. d4 d5 3. Nc3 dxe4 4. Nxe4 Bf5 5. Ng3 Bg6 6. h4 h6 7. h5 Bh7 8. Nf3
Nd7 9. Bd3 Bxd3 10. Qxd3 e6 11. Bf4 Qa5+ 12. Bd2 Qc7 13. O-O-O Ngf6 14. Ne4
Nxe4 15. Qxe4 Nf6 16. Qe2 Bd6 17. g3 O-O-O 18. Kb1 Kb8 19. c4 Rhe8 20. Bc3 c5
21. dxc5 Qxc5 22. Ne5 Bxe5 23. Qxe5+ Qc7 24. Qxc7+ Kxc7 25. Bxf6 Rxd1+ 26. Rxd1
gxf6 27. Kc2 f5 28. f4 Rg8 29. Rd3 a5 30. b3 Kc6 31. Kc3 1/2-1/2

[Event "Jastrzebia Gora"]
[Site "Jastrzebia Gora"]
[Date "2015.05.12"]
[Round "7.6"]
[White "Stachanczyk, Jacek"]
[Black "Sargalski, Andrzej"]
[Result "1-0"]
[WhiteElo "2303"]
[BlackElo "1916"]
[PlyCount "81"]
[EventDate "2015.??.??"]

1. e4 e5 2. Nf3 Nc6 3. Bb5 a6 4. Ba4 Nf6 5. O-O d6 6. Re1 b5 7. Bb3 Be7 8. c3
O-O 9. h3 h6 10. d4 exd4 11. cxd4 Re8 12. Nc3 Bf8 13. a3 Na5 14. Bc2 c5 15. Bf4
Bb7 16. d5 Nc4 17. b3 Ne5 18. Nxe5 dxe5 19. Be3 Bd6 20. a4 b4 21. Nb1 a5 22.
Bd3 Ba6 23. Bxa6 Rxa6 24. Nd2 Qe7 25. Rc1 Rc8 26. Qe2 Ra7 27. Rc2 Kf8 28. Rec1
Kg8 29. g3 Kh7 30. Kg2 g6 31. f3 Nd7 32. Nc4 h5 33. Qd2 f6 34. Qf2 Bc7 35. g4
hxg4 36. Qh4+ Kg8 37. Qxg4 Kf7 38. Bxc5 Nxc5 39. Qxc8 Nxb3 40. d6 Bxd6 41.
Nxd6+ 1-0

[Event "Jastrzebia Gora"]
[Site "Jastrzebia Gora"]
[Date "2015.05.13"]
[Round "8.1"]
[White "Wojcieszyn, Zdzislaw"]
[Black "Sargalski, Andrzej"]
[Result "1/2-1/2"]
[WhiteElo "1979"]
[BlackElo "1916"]
[PlyCount "62"]
[EventDate "2015.??.??"]

1. c4 g6 2. Nc3 Bg7 3. g3 d6 4. Bg2 Nf6 5. d4 O-O 6. Nf3 Nbd7 7. O-O e5 8. e3
c6 9. b3 Qa5 10. Bb2 Rd8 11. Na4 Ng4 12. Bc3 Qc7 13. Qd2 b6 14. Rfd1 Bb7 15. h3
Nh6 16. Rac1 f6 17. Bb2 Nf7 18. Nc3 Nf8 19. a4 a6 20. Ba3 c5 21. d5 Bc8 22. Bb2
Bd7 23. Kh2 Rab8 24. Bf1 Rb7 25. Ra1 Rdb8 26. Qc2 Qc8 27. Ba3 g5 28. Ng1 Ng6
29. e4 f5 30. exf5 Bxf5 31. Bd3 e4 1/2-1/2

[Event "Jastrzebia Gora"]
[Site "Jastrzebia Gora"]
[Date "2015.05.13"]
[Round "8.2"]
[White "Pawelec, Bartosz"]
[Black "Stachanczyk, Jacek"]
[Result "0-1"]
[WhiteElo "2097"]
[BlackElo "2303"]
[PlyCount "42"]
[EventDate "2015.??.??"]

1. e4 c5 2. c3 Nf6 3. e5 Nd5 4. d4 cxd4 5. Qxd4 e6 6. Nf3 Nc6 7. Qe4 d6 8. c4
Qa5+ 9. Bd2 Ndb4 10. exd6 Bxd6 11. Bc3 e5 12. Nbd2 g6 13. Nb3 Qd8 14. Qe2 Bf5
15. Nfd4 Nd3+ 16. Kd1 Nf4 17. Qe3 Be7 18. Ke1 exd4 19. Nxd4 Nxd4 20. Bxd4 O-O
21. Qxf4 Bg5 0-1

[Event "Jastrzebia Gora"]
[Site "Jastrzebia Gora"]
[Date "2015.05.13"]
[Round "8.3"]
[White "Mackowiak, Marek"]
[Black "Migala, Andrzej"]
[Result "1/2-1/2"]
[WhiteElo "2131"]
[BlackElo "2055"]
[PlyCount "62"]
[EventDate "2015.??.??"]

1. c4 c5 2. Nc3 Nc6 3. g3 g6 4. Bg2 Bg7 5. e3 d6 6. Nge2 e5 7. O-O Nge7 8. b3
O-O 9. Bb2 Rb8 10. d3 Bf5 11. Qd2 Qd7 12. Rfe1 a6 13. Nd5 Rfe8 14. d4 Rbd8 15.
dxc5 dxc5 16. Qc3 Qd6 17. a3 Qb8 18. Rad1 b6 19. Rd2 a5 20. Red1 Kf8 21. h3 h5
22. Qc1 Nxd5 23. cxd5 Na7 24. e4 Bd7 25. Rc2 Nb5 26. Qg5 a4 27. bxa4 Nd4 28.
Nxd4 exd4 29. Rc4 Qa7 30. g4 hxg4 31. h4 Bxa4 1/2-1/2

[Event "Jastrzebia Gora"]
[Site "Jastrzebia Gora"]
[Date "2015.05.13"]
[Round "8.4"]
[White "Dukaczewski, Piotr"]
[Black "Falkowski, Dawid"]
[Result "1-0"]
[WhiteElo "2297"]
[BlackElo "2073"]
[PlyCount "41"]
[EventDate "2015.??.??"]

1. Nf3 g6 2. e4 Bg7 3. d4 c5 4. dxc5 Nc6 5. c3 Nf6 6. Bd3 d5 7. cxd6 Qxd6 8.
Na3 Bg4 9. Nb5 Qd7 10. Bc2 O-O-O 11. Qxd7+ Rxd7 12. Be3 Bxf3 13. gxf3 Ne5 14.
Ke2 Nc4 15. Nxa7+ Kb8 16. Nb5 Nxb2 17. Bf4+ Ka8 18. Nc7+ Ka7 19. Rab1 Nh5 20.
Be3+ Kb8 21. Na6+ 1-0

[Event "Jastrzebia Gora"]
[Site "Jastrzebia Gora"]
[Date "2015.05.13"]
[Round "8.5"]
[White "Kulpinski, Piotr"]
[Black "Suder, Ryszard"]
[Result "0-1"]
[WhiteElo "1917"]
[BlackElo "2100"]
[PlyCount "62"]
[EventDate "2015.??.??"]

1. e4 d6 2. c4 Nf6 3. Nc3 e5 4. Nf3 Be7 5. d4 Nbd7 6. Be2 O-O 7. O-O c6 8. h3
Qc7 9. Be3 Re8 10. Rc1 Bf8 11. dxe5 dxe5 12. Qc2 Nc5 13. b4 Ne6 14. c5 h6 15.
Rfd1 Nf4 16. Bf1 g5 17. Na4 Be6 18. Nxe5 Qxe5 19. Bd4 Qxe4 20. Bxf6 Bd5 21. Nc3
Nxh3+ 22. Kh2 Qf4+ 23. g3 Qxf2+ 24. Qxf2 Nxf2 25. Nxd5 Nxd1 26. Nc7 Ne3 27. Bh3
g4 28. Nxa8 gxh3 29. Nc7 Rc8 30. Bd4 Ng4+ 31. Kxh3 h5 0-1

[Event "Jastrzebia Gora"]
[Site "Jastrzebia Gora"]
[Date "2015.05.13"]
[Round "8.6"]
[White "Ruszczycki, Jacek"]
[Black "Czajkowski, Adam"]
[Result "0-1"]
[WhiteElo "1917"]
[BlackElo "2077"]
[PlyCount "88"]
[EventDate "2015.??.??"]

1. e4 c5 2. f4 Nc6 3. Nf3 g6 4. Nc3 Bg7 5. Bc4 e6 6. O-O Nge7 7. a3 d5 8. Ba2
O-O 9. Qe1 Nd4 10. Bb1 b6 11. d3 Bb7 12. Kh1 Nxf3 13. gxf3 f5 14. Ba2 Kh8 15.
e5 g5 16. Ne2 Ng6 17. d4 cxd4 18. Nxd4 Qe8 19. Qg3 g4 20. fxg4 fxg4 21. Be3 h5
22. Rae1 Ne7 23. Kg1 Nf5 24. Nxf5 Rxf5 25. c3 Ba6 26. Bb1 Bxf1 27. Bxf5 Bh3 28.
Bb1 Qe7 29. Bf2 Bh6 30. f5 exf5 31. Bxf5 Rf8 32. Bg6 Qg5 33. Qd3 Kg7 34. Bh7
Rf3 35. Qc2 g3 36. Bd4 gxh2+ 37. Kh1 Be6 38. Qg2 Rg3 39. Qc2 h4 40. Bd3 h3 41.
Bb5 Rg2 42. Qd1 Rxb2 43. Qf3 Rxb5 44. c4 Qg2+ 0-1

[Event "Jastrzebia Gora"]
[Site "Jastrzebia Gora"]
[Date "2015.05.14"]
[Round "9.1"]
[White "Czajkowski, Adam"]
[Black "Wojcieszyn, Zdzislaw"]
[Result "1-0"]
[WhiteElo "2077"]
[BlackElo "1979"]
[PlyCount "55"]
[EventDate "2015.??.??"]

1. e4 c5 2. Nf3 e6 3. d4 cxd4 4. Nxd4 Qc7 5. Nc3 a6 6. Bd3 Nc6 7. Nxc6 dxc6 8.
f4 Bc5 9. e5 f5 10. Qh5+ Qf7 11. Qf3 Qc7 12. Bd2 b5 13. O-O-O Ne7 14. g4 O-O
15. Be3 fxg4 16. Qe4 Bxe3+ 17. Qxe3 Nf5 18. Qe2 Nh6 19. Rdf1 Bd7 20. h3 gxh3
21. Rxh3 Kh8 22. Qe4 Rf5 23. Qh1 Rf7 24. Ne4 Raf8 25. Nd6 Rxf4 26. Rxf4 Rxf4
27. Rxh6 gxh6 28. Qxh6 1-0

[Event "Jastrzebia Gora"]
[Site "Jastrzebia Gora"]
[Date "2015.05.14"]
[Round "9.2"]
[White "Suder, Ryszard"]
[Black "Ruszczycki, Jacek"]
[Result "1/2-1/2"]
[WhiteElo "2100"]
[BlackElo "1917"]
[PlyCount "61"]
[EventDate "2015.??.??"]

1. Nf3 d5 2. d4 e6 3. c4 c6 4. Nc3 f5 5. Bf4 Nf6 6. e3 Be7 7. Bd3 O-O 8. h3 Kh8
9. Qc2 Ne4 10. a3 b6 11. cxd5 exd5 12. O-O Nd7 13. Rac1 Bb7 14. Bh2 Qe8 15. Qe2
Rf6 16. Rc2 Rh6 17. Ne1 Qg6 18. Kh1 Rf8 19. f3 Ng3+ 20. Bxg3 Qxg3 21. Qf2 Qd6
22. f4 Bh4 23. Qf3 Qe6 24. g3 Bd8 25. Rh2 c5 26. g4 fxg4 27. hxg4 Rxh2+ 28.
Kxh2 Nf6 29. Rg1 cxd4 30. exd4 Ne4 31. Ne2 1/2-1/2

[Event "Jastrzebia Gora"]
[Site "Jastrzebia Gora"]
[Date "2015.05.14"]
[Round "9.3"]
[White "Falkowski, Dawid"]
[Black "Kulpinski, Piotr"]
[Result "0-1"]
[WhiteElo "2073"]
[BlackElo "1917"]
[PlyCount "76"]
[EventDate "2015.??.??"]

1. e4 c6 2. d4 d5 3. Nc3 dxe4 4. Nxe4 Bf5 5. Ng3 Bg6 6. Nf3 e6 7. h4 h6 8. h5
Bh7 9. Bd3 Bxd3 10. Qxd3 Nf6 11. Bd2 Nbd7 12. O-O-O Qc7 13. Ne4 Nxe4 14. Qxe4
Nf6 15. Qe2 O-O-O 16. c4 Bd6 17. Kb1 Rhe8 18. Bc3 c5 19. dxc5 Qxc5 20. b4 Qf5+
21. Kb2 Bc7 22. Nd4 Qe4 23. f3 Qxe2+ 24. Nxe2 Rxd1 25. Rxd1 Nxh5 26. g4 Nf6 27.
Bxf6 gxf6 28. Kc2 Rg8 29. Rh1 Rg6 30. Nc3 Be5 31. Ne4 f5 32. gxf5 exf5 33. Nc5
Bg7 34. Re1 Bf6 35. Re8+ Kc7 36. Ra8 Bd4 37. Rxa7 Bxc5 38. bxc5 Ra6 0-1

[Event "Jastrzebia Gora"]
[Site "Jastrzebia Gora"]
[Date "2015.05.14"]
[Round "9.4"]
[White "Migala, Andrzej"]
[Black "Dukaczewski, Piotr"]
[Result "1/2-1/2"]
[WhiteElo "2055"]
[BlackElo "2297"]
[PlyCount "139"]
[EventDate "2015.??.??"]

1. e4 c6 2. d4 d5 3. e5 c5 4. dxc5 Nc6 5. a3 Nxe5 6. b4 Nf6 7. Bb2 Ng6 8. Nf3
a6 9. Nbd2 Qc7 10. c4 Be6 11. Qa4+ Qc6 12. Qxc6+ bxc6 13. Nd4 Bd7 14. cxd5 Nxd5
15. Nc4 e6 16. Na5 Nge7 17. g3 e5 18. Nc2 f6 19. Ne3 g6 20. Rd1 Bh6 21. Nec4
Bg4 22. Nd6+ Kf8 23. Be2 Bh3 24. Bf3 Bd7 25. O-O Kg7 26. Rfe1 Rhf8 27. Kg2 Kg8
28. h3 Bg7 29. Rd2 h5 30. h4 Ra7 31. Rdd1 Rb8 32. Re2 Bf8 33. Ba1 Kg7 34. Ree1
Nc7 35. Re2 Bg4 36. Ndc4 Nb5 37. Bxg4 hxg4 38. Nxe5 Rc8 39. a4 fxe5 40. Bxe5+
Kf7 41. axb5 axb5 42. Bd6 Rd7 43. Rd4 Nf5 44. Rxg4 Nxd6 45. Rd2 Rdd8 46. cxd6
Rxd6 47. Rc2 Re6 48. Nb7 Ra8 49. Rd4 Ke8 50. Nc5 Bxc5 51. Rxc5 Ra2 52. Rf4 Ke7
53. h5 gxh5 54. Rxh5 Rc2 55. g4 c5 56. Rxc5 Rxc5 57. bxc5 Kd7 58. Rb4 Kc6 59.
Kg3 Kxc5 60. Rb1 b4 61. g5 Rb6 62. Kg4 Kd6 63. f4 Ke7 64. Rb3 Kf7 65. f5 Rb5
66. Kf4 Kg7 67. Ke4 Kf7 68. Kf4 Kg7 69. Kg4 Kf7 70. Kf4 1/2-1/2

[Event "Jastrzebia Gora"]
[Site "Jastrzebia Gora"]
[Date "2015.05.14"]
[Round "9.5"]
[White "Stachanczyk, Jacek"]
[Black "Mackowiak, Marek"]
[Result "1-0"]
[WhiteElo "2303"]
[BlackElo "2131"]
[PlyCount "81"]
[EventDate "2015.??.??"]

1. e4 e5 2. Nf3 Nc6 3. Bb5 a6 4. Ba4 d6 5. O-O Bd7 6. c3 Be7 7. d4 Bf6 8. d5
Na7 9. Bc2 Ne7 10. c4 O-O 11. Be3 Bg4 12. Nbd2 c5 13. Bd3 b5 14. a4 b4 15. h3
Bd7 16. Kh2 Qc8 17. Ng1 g6 18. Bh6 Bg7 19. Bxg7 Kxg7 20. f4 f6 21. b3 Qe8 22.
Qe2 exf4 23. Rxf4 g5 24. Rf2 Ng6 25. Raf1 Qe7 26. Bc2 Rf7 27. g3 Raf8 28. Qh5
Nc8 29. Ne2 Qe8 30. Kg2 Nce7 31. e5 dxe5 32. Ne4 Qc8 33. Nd6 Qc7 34. Nxf7 Rxf7
35. Ng1 Nc8 36. Nf3 Nd6 37. Nxg5 fxg5 38. Rxf7+ Nxf7 39. Rxf7+ Kxf7 40. Qxh7+
Kf8 41. Bxg6 1-0

[Event "Jastrzebia Gora"]
[Site "Jastrzebia Gora"]
[Date "2015.05.14"]
[Round "9.6"]
[White "Sargalski, Andrzej"]
[Black "Pawelec, Bartosz"]
[Result "0-1"]
[WhiteElo "1916"]
[BlackElo "2097"]
[PlyCount "89"]
[EventDate "2015.??.??"]

1. e4 c6 2. d4 d5 3. e5 Qb6 4. c3 Bf5 5. Bd3 Bxd3 6. Qxd3 e6 7. Nf3 c5 8. O-O
cxd4 9. cxd4 Nc6 10. Nc3 Nge7 11. a4 Nb4 12. Qb5+ Nec6 13. Be3 Be7 14. Rfc1 O-O
15. Qxb6 axb6 16. Nb5 Rfc8 17. Rc3 Ra5 18. b3 Raa8 19. Bd2 Kf8 20. g4 Ke8 21.
Kg2 Kd7 22. g5 Na5 23. Rb1 Rxc3 24. Nxc3 Rc8 25. h4 Nd3 26. Kg3 Bb4 27. Nb5
Bxd2 28. Nxd2 Rc2 29. Nf3 Nxf2 30. b4 Nc4 31. Rb3 Ne4+ 32. Kf4 Rb2 33. Rxb2
Nxb2 34. a5 bxa5 35. bxa5 Nc4 36. Ne1 Nxa5 37. Nd3 Nb3 38. Nb4 Nc1 39. Ke3 Nb3
40. Kf4 Nbd2 41. Na3 Nc3 42. Ke3 Nc4+ 43. Nxc4 dxc4 44. Kd2 Nd5 45. Kc2 0-1

[Event "Jastrzebia Gora"]
[Site "Jastrzebia Gora"]
[Date "2015.05.15"]
[Round "10.1"]
[White "Wojcieszyn, Zdzislaw"]
[Black "Pawelec, Bartosz"]
[Result "0-1"]
[WhiteElo "1979"]
[BlackElo "2097"]
[PlyCount "44"]
[EventDate "2015.??.??"]

1. Nf3 d5 2. d4 Nf6 3. g3 Bg4 4. Bg2 c6 5. O-O e6 6. Ne5 Bf5 7. c4 dxc4 8. Nxc4
Nbd7 9. Bg5 h6 10. Bxf6 Nxf6 11. e3 Be7 12. Nc3 O-O 13. Qb3 Qc7 14. Ne5 Nd7 15.
Nxd7 Qxd7 16. Ne4 Rfd8 17. Nc5 Bxc5 18. dxc5 Qe7 19. Rfd1 Qxc5 20. Rxd8+ Rxd8
21. Qxb7 Qc2 22. Qxc6 Rd1+ 0-1

[Event "Jastrzebia Gora"]
[Site "Jastrzebia Gora"]
[Date "2015.05.15"]
[Round "10.2"]
[White "Mackowiak, Marek"]
[Black "Sargalski, Andrzej"]
[Result "1-0"]
[WhiteElo "2131"]
[BlackElo "1916"]
[PlyCount "76"]
[EventDate "2015.??.??"]

1. d4 Nf6 2. c4 d5 3. Nc3 g6 4. cxd5 Nxd5 5. e4 Nxc3 6. bxc3 Bg7 7. Nf3 O-O 8.
Be2 c5 9. O-O cxd4 10. cxd4 Nc6 11. Be3 Bg4 12. e5 b6 13. Rc1 Nb4 14. h3 Be6
15. Qa4 Nd5 16. Bd2 h6 17. Nh2 Bd7 18. Qb3 e6 19. Ng4 h5 20. Nh2 Rc8 21. Nf3
Bc6 22. Ba6 Rc7 23. Ng5 Qd7 24. Ne4 Bb7 25. Bc4 Ba8 26. Nd6 Ne7 27. Bb5 Bc6 28.
Be2 Bd5 29. Qa3 Nf5 30. Nxf5 exf5 31. Rxc7 Qxc7 32. Rc1 Qd7 33. Be3 Qb7 34. f3
f6 35. Qd6 fxe5 36. dxe5 Kh7 37. Rc7 Qa8 38. e6 Qe8 1-0

[Event "Jastrzebia Gora"]
[Site "Jastrzebia Gora"]
[Date "2015.05.15"]
[Round "10.3"]
[White "Dukaczewski, Piotr"]
[Black "Stachanczyk, Jacek"]
[Result "0-1"]
[WhiteElo "2297"]
[BlackElo "2303"]
[PlyCount "166"]
[EventDate "2015.??.??"]

1. c4 e5 2. g3 Nf6 3. Bg2 Nc6 4. Nc3 Bb4 5. e4 Bxc3 6. dxc3 d6 7. Ne2 Be6 8. b3
Qd7 9. O-O Bh3 10. f3 Bxg2 11. Kxg2 Ne7 12. Be3 Qe6 13. Qc2 O-O 14. Rad1 Nd7
15. g4 a5 16. Ng3 a4 17. Nf5 Nc6 18. Kh1 Rfb8 19. Rd5 axb3 20. axb3 Ra3 21. Bc1
Ra1 22. Rfd1 Rba8 23. Bb2 R1a2 24. Nxd6 Nb6 25. Nf5 g6 26. Ne3 Nxd5 27. cxd5
Qf6 28. Kg2 Nb8 29. c4 Qf4 30. Re1 Nd7 31. Re2 b6 32. Nd1 h5 33. Nf2 hxg4 34.
Nxg4 f6 35. b4 R8a3 36. Bxa3 Rxc2 37. Rxc2 Qg5 38. Bc1 Qh4 39. c5 bxc5 40. bxc5
f5 41. Nf2 Nf6 42. d6 c6 43. Re2 Nd7 44. Rc2 Qd8 45. exf5 gxf5 46. Be3 Kf7 47.
Nh3 f4 48. Bg1 Qg8+ 49. Kh1 Qg6 50. Rg2 Qb1 51. Ng5+ Kf8 52. Ne4 Qd1 53. Rf2
Qb3 54. Kg2 Qg8+ 55. Kf1 Qb3 56. Kg2 Qg8+ 57. Kf1 Qc4+ 58. Re2 Kf7 59. Bf2 Kg6
60. Nd2 Qc1+ 61. Be1 Qxc5 62. Rg2+ Kf7 63. Ne4 Qc4+ 64. Kg1 Qd4+ 65. Rf2 Qd1
66. Rf1 Qb3 67. Rf2 c5 68. Kg2 c4 69. Bd2 Nf6 70. Nxf6 Kxf6 71. Bc1 c3 72. Rf1
Ke6 73. h4 Kxd6 74. h5 Ke6 75. Kh3 Qb7 76. Rf2 Kf5 77. Rf1 Qg7 78. Kh2 Qg3+ 79.
Kh1 Qh3+ 80. Kg1 Qxh5 81. Kf2 Qh2+ 82. Ke1 Qc2 83. Ba3 Qd2# 0-1

[Event "Jastrzebia Gora"]
[Site "Jastrzebia Gora"]
[Date "2015.05.15"]
[Round "10.4"]
[White "Kulpinski, Piotr"]
[Black "Migala, Andrzej"]
[Result "1/2-1/2"]
[WhiteElo "1917"]
[BlackElo "2055"]
[PlyCount "62"]
[EventDate "2015.??.??"]

1. d4 d5 2. c4 c6 3. cxd5 cxd5 4. Nc3 Nc6 5. Nf3 Nf6 6. Bf4 a6 7. e3 Bf5 8. Bd3
Bxd3 9. Qxd3 e6 10. O-O Bd6 11. Bxd6 Qxd6 12. a3 O-O 13. Rac1 Rac8 14. Rc2 Rc7
15. Rfc1 Rfc8 16. b4 b5 17. Ne2 Ne7 18. Rxc7 Rxc7 19. Rxc7 Qxc7 20. Qc3 Qxc3
21. Nxc3 Nc6 22. Kf1 Kf8 23. Ke2 Ke7 24. h3 h6 25. Ne5 Nxe5 26. dxe5 Nd7 27. f4
Nb6 28. e4 dxe4 29. Nxe4 Nc4 30. Nc5 Nxa3 31. Nxa6 Kd7 1/2-1/2

[Event "Jastrzebia Gora"]
[Site "Jastrzebia Gora"]
[Date "2015.05.15"]
[Round "10.5"]
[White "Ruszczycki, Jacek"]
[Black "Falkowski, Dawid"]
[Result "1/2-1/2"]
[WhiteElo "1917"]
[BlackElo "2073"]
[PlyCount "70"]
[EventDate "2015.??.??"]

1. e4 d5 2. exd5 Qxd5 3. Nc3 Qd6 4. d4 Nf6 5. Nb5 Qb6 6. c4 a6 7. Nc3 e5 8. Qe2
Nc6 9. d5 Nd4 10. Qxe5+ Be7 11. Bd3 O-O 12. Nge2 Bc5 13. O-O Nxe2+ 14. Bxe2 Bg4
15. Bf3 Rae8 16. Qg3 Bd6 17. Bf4 Bxf3 18. Qxf3 Bxf4 19. Qxf4 Qxb2 20. Rac1 Re7
21. Qf3 Rfe8 22. g3 h5 23. Rb1 Qd2 24. Rxb7 Ng4 25. h3 Re3 26. Qg2 Rxc3 27.
hxg4 hxg4 28. Rxc7 Rc1 29. d6 Ree1 30. d7 Rxf1+ 31. Qxf1 Rxf1+ 32. Kxf1 Qd1+
33. Kg2 Qf3+ 34. Kg1 Qd1+ 35. Kg2 Qf3+ 1/2-1/2

[Event "Jastrzebia Gora"]
[Site "Jastrzebia Gora"]
[Date "2015.05.15"]
[Round "10.6"]
[White "Czajkowski, Adam"]
[Black "Suder, Ryszard"]
[Result "1/2-1/2"]
[WhiteElo "2077"]
[BlackElo "2100"]
[PlyCount "89"]
[EventDate "2015.??.??"]

1. e4 d6 2. d4 Nf6 3. Nc3 g6 4. Be3 Bg7 5. h3 O-O 6. g4 e5 7. Nge2 exd4 8. Nxd4
Nc6 9. Bg2 Bd7 10. O-O Re8 11. Re1 Nxd4 12. Bxd4 c5 13. Be3 Bc6 14. Bf4 Re6 15.
Qd2 Qe8 16. Nd5 Bxd5 17. exd5 Rxe1+ 18. Rxe1 Qd7 19. Re3 Ne8 20. c3 Nc7 21. Bf3
Re8 22. g5 Rxe3 23. Qxe3 Kf8 24. b4 b6 25. bxc5 bxc5 26. Bg4 Qe7 27. Qg3 Ne8
28. Kg2 Be5 29. h4 Bxf4 30. Qxf4 Qe5 31. Qc4 Ng7 32. a4 Nf5 33. Bxf5 Qxf5 34.
a5 Qe5 35. a6 Qf5 36. f3 Qc2+ 37. Kg3 Qd1 38. Qb5 Qe1+ 39. Kh3 Qxc3 40. Qb8+
Kg7 41. Qxd6 Qxf3+ 42. Kh2 Qf2+ 43. Kh3 Qf3+ 44. Kh2 Qf2+ 45. Kh3 1/2-1/2

[Event "Jastrzebia Gora"]
[Site "Jastrzebia Gora"]
[Date "2015.05.16"]
[Round "11.1"]
[White "Suder, Ryszard"]
[Black "Wojcieszyn, Zdzislaw"]
[Result "1/2-1/2"]
[WhiteElo "2100"]
[BlackElo "1979"]
[PlyCount "69"]
[EventDate "2015.??.??"]

1. Nf3 d5 2. d4 Nf6 3. c4 c6 4. Qc2 e6 5. Bg5 h6 6. Bxf6 Qxf6 7. Nc3 Bd6 8.
cxd5 O-O 9. dxc6 Nxc6 10. e3 e5 11. d5 Nb4 12. Qd2 Bf5 13. e4 Bg4 14. Be2 Rac8
15. O-O a5 16. Rac1 Na6 17. h3 Bd7 18. Ne1 Bb4 19. Nd3 Bd6 20. Kh1 Nb4 21. a3
Nxd3 22. Bxd3 Qh4 23. Qe3 Bc5 24. Qf3 Bd4 25. Kh2 Qg5 26. Qg3 Qe7 27. Be2 Rc5
28. b4 axb4 29. axb4 Rcc8 30. Na2 Ra8 31. Qb3 Qd6 32. Nc3 Qb6 33. f3 Rfd8 34.
Bd3 Be3 35. Rb1 1/2-1/2